000 00463nam a2200181Ia 4500
001 10944
005 20260306161909.0
008 260306t2007||||xx |||||||||||||| ||spa||
041 _aESP
082 _a983
_bU61
100 _aRíos B., Waldo
_eAUT
245 0 _aLa Universidad de Tarapacá de Arica en la región de Arica y Parinacota
260 _c2007
300 _a114 páginas :
_c24 cm.
650 _aGEN
654 _aCHU
942 _cLIB
_dJUS
_fJUS
_2ddc
_n
999 _c10944
_d10944